[Event "Aeroflot Open 2017"]
[Site "Moscow"]
[Date "2017.03.01"]
[Round "9"]
[White "Inarkiev, Ernesto"]
[Black "Oparin, Grigoriy"]
[Result "1-0"]
[WhiteElo "2723"]
[BlackElo "2625"]
[Annotator "TA"]
[PlyCount "153"]
[EventDate "2017.??.??"]

1. e4 e5 2. Nf3 Nc6 3. Bb5 a6 4. Ba4 Nf6 5. O-O Be7 6. Re1 b5 7. Bb3 d6 8. c3
O-O 9. h3 Bb7 10. d4 Re8 11. Nbd2 Bf8 12. a3 g6 13. Ba2 Bg7 14. b4 exd4 15.
cxd4 a5 16. Qb3 Qd7 17. Bb2 axb4 18. axb4 {LiveBook: 3 Games} Ra4 19. Bc3 Nh5
20. Bb1 {The position is equal.} Rxa1 21. Bxa1 Nf4 22. Bc3 d5 23. e5 Ne7 24.
Qd1 Qc6 25. Qc1 Bc8 26. Nb3 $36 {White has the initiative.} Qc4 (26... Bh6 $14
27. Bd2 Qxc1 28. Bxc1 Nc6) 27. Qb2 $1 $16 (27. Qxf4 $6 Qxc3 28. Nc5 Qxb4 $11)
27... Nd3 (27... Qc6 $16 28. Bd2 Ne6) 28. Bxd3 $1 $18 Qxd3 29. Nc5 Qf5 30. Qe2
$1 g5 31. g4 Qg6 32. Qxb5 c6 33. Qd3 ({Better is} 33. Qe2) 33... f5 (33... Qxd3
$16 34. Nxd3 h5) 34. exf6 $1 Qxf6 35. Bd2 Rf8 36. Bxg5 (36. Nxg5 Qxf2+ 37. Kh1
Ng6 $11) 36... Qxf3 37. Qxf3 (37. Rxe7 Qxf2+ 38. Kh1 Rf3 $15) 37... Rxf3 38.
Kg2 (38. Bxe7 Rxh3 39. Ne6 Bxe6 40. Rxe6 Kf7 $15) 38... Rf7 {aiming for ...Ng6.
} 39. Bxe7 {Bd6 is the strong threat.} (39. Rxe7 $6 Rxe7 40. Bxe7 h5 $16) 39...
Bxd4 40. Re2 h5 41. f3 (41. gxh5 $6 Bf5 $16) 41... Bc3 42. Bd6 (42. gxh5 Rg7+
43. Kh2 Bxb4 $11) 42... Bd7 43. Nd3 (43. gxh5 $6 Bxb4 44. Rb2 Bc3 45. Rb8+ Kh7
$14) (43. Nxd7 $6 Rxd7 44. Bc5 d4 $14) 43... c5 (43... hxg4 {was worth a try.}
44. hxg4 Rg7) 44. bxc5 (44. Bxc5 Bb5 $16) (44. Nxc5 $6 hxg4 45. hxg4 Bb5 $18)
44... Bb5 45. Re6 Ra7 46. Be5 Ra2+ 47. Nf2 Bb4 48. c6 (48. gxh5 Bxc5 49. Bg3
Rc2 $11) 48... hxg4 49. hxg4 (49. fxg4 Be1) 49... Rc2 $2 (49... Be1) 50. c7 $2
(50. Re8+ Kf7 51. Rb8) 50... Bd7 $2 (50... Be1 {is a better defense.}) 51. Ra6
Be1 52. Bg3 (52. Rd6 $142 Rxc7 53. Nd3 (53. Rxd5 Rc2 $18)) 52... Kf7 53. Ra1
Bb4 (53... Bxf2 $16 {keeps fighting.} 54. Bxf2 Rxc7) 54. Rd1 Ke6 (54... Bc5 {
was necessary.} 55. Rxd5 Ke6) 55. Kh3 Ba5 56. Nd3 {Strongly threatening Nf4+.}
Bxc7 57. Nb4 Rc4 {And now ...Bxg3 would win.} 58. Re1+ Kf7 {Hoping for ...Bxg3.
} 59. Nxd5 Bd8 60. Bh4 Bc6 61. Ne3 ({Much less strong is} 61. Bxd8 $6 Bxd5 62.
Re7+ Kg6 $18) 61... Bxh4 $2 (61... Rd4 $18 62. Rc1 Be8) 62. Nxc4 ({Less strong
is} 62. Kxh4 Rf4 63. Rc1 Ba8 $18) 62... Bxe1 63. Ne5+ Ke6 64. Nxc6 {Endgame
KB-KN} Bc3 65. f4 Kd5 66. Ne7+ Ke4 67. Ng6 Bf6 68. Kg3 Bd8 69. Nf8 Bf6 70. Ng6
Bd8 $1 71. Nh4 {White mates.} Bc7 {[#]} 72. Ng2 $1 Bd6 {[#]} 73. Kh4 $1 Kf3 74.
g5 Kxg2 75. Kg4 Kf2 76. g6 Bf8 77. f5 1-0

[Event "Aeroflot Open 2017"]
[Site "Moscow"]
[Date "2017.03.01"]
[Round "9"]
[White "Matlakov, Maxim"]
[Black "Bosiocic, Marin"]
[Result "1/2-1/2"]
[WhiteElo "2701"]
[BlackElo "2602"]
[Annotator "TA"]
[PlyCount "85"]
[EventDate "2017.??.??"]

1. d4 Nf6 2. Nf3 e6 3. c4 b6 4. g3 Ba6 5. b3 d5 6. Bg2 Bb4+ 7. Bd2 Be7 8. cxd5
exd5 9. O-O O-O 10. Nc3 Bb7 11. Ne5 Nbd7 12. Qc2 Re8 {LiveBook: 4 Games} 13.
Rad1 c6 14. e4 Nf8 15. Rfe1 Ne6 16. Bc1 Rc8 17. a3 Bd6 18. Nf3 c5 {[#]
Threatens to win with ...cxd4.} 19. dxc5 Rxc5 {Strongly threatening ...dxe4.} (
{Worse is} 19... bxc5 20. Nxd5 (20. exd5 Nd4 21. Qb1 Qb6 $16) 20... Nd4 21.
Nxd4 cxd4 22. Qd3 $18) 20. b4 Rc7 {White must now prevent ...Qc8.} 21. Qb3 dxe4
22. Ng5 {[#]} e3 $1 23. Bxe3 {And now Nb5 would win.} Bxg2 24. Kxg2 Qa8+ 25.
Kg1 Be5 26. Nd5 Nxd5 27. Rxd5 Rc3 28. Qd1 Nxg5 (28... Nf8 $1 $11 {remains
equal.}) 29. Bxg5 $16 f6 30. Bf4 Qc6 (30... Rxa3 $14 31. Bxe5 fxe5) 31. Bxe5 (
31. Rd7 $16) 31... fxe5 $14 32. Rd7 ({Not} 32. Rexe5 $2 Rxe5 33. Rxe5 Rc1 $19)
32... Rxa3 33. Qg4 Qf6 34. Qc4+ {White has compensation.} Kh8 35. Rf7 Qd6 36.
Qg4 Rg8 37. Qf5 Qxb4 38. Rxe5 {Rxg7! is the strong threat.} Ra1+ 39. Kg2 Qb1 ({
Black should try} 39... Qd6 $11) 40. Qxb1 Rxb1 41. Rxa7 Rb2 42. h4 (42. Rf5 $14
) 42... Rf8 $11 43. Rf5 1/2-1/2

[Event "Aeroflot Open 2017"]
[Site "Moscow"]
[Date "2017.03.01"]
[Round "9"]
[White "Mamedov, Rauf"]
[Black "Jobava, Baadur"]
[Result "1/2-1/2"]
[WhiteElo "2688"]
[BlackElo "2701"]
[Annotator "TA"]
[PlyCount "74"]
[EventDate "2017.??.??"]

1. e4 c5 2. Nf3 d6 3. d4 Nf6 4. Nc3 cxd4 5. Nxd4 a6 6. Bg5 e6 7. f4 Qb6 8. Qd3
Qxb2 9. Rb1 Qa3 10. f5 Be7 11. fxe6 fxe6 12. Be2 Qa5 13. Bd2 Qc7 14. g4 h6 15.
Qh3 O-O 16. g5 hxg5 17. Nxe6 Qc6 18. Rf1 {LiveBook: 4 Games} ({Wrong is} 18.
Bxg5 $2 Nxe4 19. Bxe7 Rf7 $19) 18... g4 19. Bxg4 Nxg4 20. Rxf8+ {White is
slightly better.} Bxf8 21. Qxg4 {[#] Strongly threatening Nd5.} Qe8 (21... Qd7
$5 22. Nd5 $8 Qxe6 23. Qxe6+ Bxe6 $14) 22. Nd5 {White wants to mate with Nf6+.}
Qxe6 23. Qxe6+ Bxe6 24. Nc7 Ra7 $1 25. Nxe6 {[#] Threatens to win with Be3.} b5
26. a4 {The position is equal.} Nc6 27. axb5 axb5 28. Rxb5 Ra4 29. Ng5 Be7 (
29... Ra1+ $5 30. Kf2 $8 Ra2 $14) 30. h4 Bxg5 31. Bxg5 Rxe4+ $11 {Endgame
KRB-KRN} 32. Kf2 Ne5 33. Rd5 Rc4 34. Rxd6 Rxc2+ 35. Rd2 Rxd2+ 36. Bxd2 Ng6 37.
Kg3 Nxh4 1/2-1/2

[Event "Aeroflot Open 2017"]
[Site "Moscow"]
[Date "2017.03.01"]
[Round "9"]
[White "Movsesian, Sergei"]
[Black "Kuybokarov, Temur"]
[Result "1-0"]
[WhiteElo "2679"]
[BlackElo "2491"]
[Annotator "TA"]
[PlyCount "81"]
[EventDate "2017.??.??"]

1. c4 e5 2. Nc3 d6 3. g3 g6 4. d4 Nd7 5. Nf3 Bg7 6. Bg2 Ne7 7. O-O O-O 8. e3 {
LiveBook: 54 Games} a5 9. b3 Nc6 10. Bb2 {The position is equal.} Re8 11. h3 e4
12. Ne1 f5 13. Nc2 Nf6 14. a3 d5 15. f4 (15. c5 $11 {keeps the balance.}) 15...
Be6 16. c5 h6 17. Qd2 g5 18. b4 Ne7 19. b5 Ng6 20. Ne2 Bf8 21. Bc3 b6 22. Qd1
gxf4 (22... bxc5 23. fxg5 Nh5 24. gxh6 $11) 23. exf4 Bd7 24. a4 h5 25. Ne3 h4 (
25... Rc8 $11) 26. Kh1 (26. g4 $16) 26... Bh6 $11 ({Don't go for} 26... bxc5 $2
27. dxc5 Bg7 28. Nd4 $18 (28. Nxd5 Nxd5 29. Qxd5+ Be6 30. Qxd8 Raxd8 31. Bxa5
Bxa1 32. Rxa1 hxg3 $11)) 27. Bd2 Kh8 $2 {[#]} (27... Ne7 $11 {and Black has
nothing to worry.}) 28. g4 $1 $18 {Strongly threatening g5.} fxg4 29. f5 Ne7 {
aiming for ...Bxe3.} 30. Nxg4 Nxg4 31. hxg4 Ng8 $2 (31... e3) 32. c6 Bc8 33.
Bf4 Bg5 34. Be5+ Kh7 35. Nf4 Nh6 36. Ng6 (36. Qb3 $142) 36... Rg8 37. Nf4 $2 (
37. Qe2 $18) 37... Nf7 $2 (37... Re8 $1 $11 {and Black stays safe.}) 38. Qb3
Bxf4 (38... Nxe5 $142 39. dxe5 Bxf5) 39. Rxf4 {White is clearly winning.} ({
Less strong is} 39. Bxf4 Nh6 $18) 39... Re8 {[#]} ({But not} 39... Nxe5 40.
dxe5 Qg5 41. Raf1 $18) (39... Nh6 $142 40. Rg1 Rg5) 40. Rxe4 $1 Nh6 (40... dxe4
41. Qxf7+) 41. Rf4 1-0

[Event "Aeroflot Open 2017"]
[Site "Moscow"]
[Date "2017.03.01"]
[Round "9"]
[White "Sasikiran, Krishnan"]
[Black "Rozum, Ivan"]
[Result "1/2-1/2"]
[WhiteElo "2674"]
[BlackElo "2601"]
[Annotator "TA"]
[PlyCount "192"]
[EventDate "2017.??.??"]

1. Nf3 Nf6 2. g3 b6 3. Bg2 Bb7 4. O-O e6 5. d3 d5 6. c4 Be7 7. cxd5 {LiveBook:
18 Games} Bxd5 8. Nc3 Bb7 9. b4 {White is slightly better.} O-O ({Wrong is} 
9... Bxb4 $2 10. Qa4+ Nc6 11. Ne5 $18) 10. Rb1 Nbd7 11. b5 c5 12. a4 Nd5 13.
Nxd5 Bxd5 14. Bf4 a6 15. e4 Bb7 16. Qc2 Bf6 17. Rfe1 axb5 18. axb5 Ra7 19. Nd2
Ne5 $36 {Black has some pressure.} 20. Bxe5 Bxe5 21. Nc4 Qc7 22. Re2 Rfa8 23.
Bf3 Ra4 24. Kg2 Bc8 25. Qd2 Bd7 26. Qg5 f6 27. Qh5 Rb4 28. Rxb4 (28. Nxe5 $15
fxe5 29. Reb2) 28... cxb4 $17 29. Bg4 (29. Nxe5 $17 fxe5 30. Bg4) 29... b3 $19
30. Nxe5 fxe5 ({Not} 30... Qxe5 31. Qxe5 fxe5 32. Rb2 $11) 31. Qg5 {[#]
Threatening Qe7.} Qc3 (31... Qc5 $1 $17 32. h4 Kf8) 32. Qe7 $11 Bxb5 33. Bxe6+
({Don't play} 33. Qxe6+ Kh8 34. Qxb6 Qxd3 $17) 33... Kh8 34. Bd5 Re8 35. Qa3
Qxd3 36. Re1 Qd2 37. Rb1 Qe2 {[#] And now ...Bd3 would win.} 38. Qb2 Qh5 (38...
Qxb2 $11 {remains equal.} 39. Rxb2 Ba4) 39. Qxb3 $16 Rf8 {( -> ...Rxf2+!)} 40.
h4 Be2 (40... Qe2 $1 $14 41. Qe3 Qxe3 42. fxe3 Be2) 41. Qa3 (41. Qxb6 $16 Qf3+
42. Kg1) 41... Qf3+ $14 42. Qxf3 Bxf3+ {Endgame KRB-KRB} 43. Kf1 Rb8 44. Ke1 b5
45. Rb4 h6 46. Kd2 g5 47. Rb3 Bg2 48. hxg5 hxg5 49. g4 b4 50. Ke2 Kg7 51. Rg3
b3 52. Rxg2 {aiming for Rg1. KRB-KR} b2 53. Ba2 {Black must now prevent Rg1.}
b1=Q 54. Bxb1 Rxb1 {KR-KR} 55. Rg3 Rb2+ 56. Kf3 ({White should try} 56. Kf1 $1
$14) 56... Rb3+ $1 $11 57. Kg2 Rb4 (57... Rxg3+ $1 $11 58. Kxg3 Kf6) 58. Re3
$14 Ra4 59. Kf3 Rb4 60. Ra3 Kf6 61. Ke3 Rc4 62. f3 Rd4 63. Rd3 Ra4 64. Kd2 Rc4
65. Rc3 Rd4+ 66. Kc2 Rb4 67. Rc6+ Kf7 $1 68. Kc3 Ra4 69. Kb3 Rd4 70. Rc4 {
Strongly threatening Rxd4.} Rd3+ 71. Rc3 Rd4 72. Kc2 Rb4 73. Rd3 Ke6 74. Kc3
Ra4 75. Kb3 Ra1 76. Kc4 Rc1+ 77. Rc3 Rb1 78. Kc5 Rf1 79. Kc6 Rf2 80. Kc7 Ke7
81. Kc8 Rf1 82. Rc7+ (82. Kb7 $14) 82... Ke6 $11 83. Rc6+ Ke7 (83... Kf7 $1 $11
) 84. Rc3 $1 $14 Rf2 85. Kb7 Rf1 86. Kc6 Ke6 87. Kc7 Ke7 88. Kc8 Rf2 $1 89.
Rc7+ (89. Rd3 $14) 89... Ke6 $11 {The position is equal.} 90. Kd8 {Threatens
to win with Ke8.} Rxf3 91. Ke8 $1 Kd6 92. Rd7+ Kc6 93. Rd5 Rf4 94. Rxe5 Rxg4
95. Ke7 Rf4 96. Rxg5 Rxe4+ 1/2-1/2

[Event "Aeroflot Open 2017"]
[Site "Moscow"]
[Date "2017.03.01"]
[Round "9"]
[White "Sjugirov, Sanan"]
[Black "Karthikeyan, Murali"]
[Result "1/2-1/2"]
[WhiteElo "2673"]
[BlackElo "2578"]
[Annotator "TA"]
[PlyCount "177"]
[EventDate "2017.??.??"]

1. e4 c5 2. Nf3 e6 3. d4 cxd4 4. Nxd4 a6 5. Bd3 Bc5 6. Nb3 Ba7 7. O-O Ne7 8. c4
Nbc6 9. Nc3 d6 10. Qe2 e5 11. Be3 Nd4 12. Bxd4 exd4 13. Nd5 O-O {LiveBook: 5
Games} 14. Nxe7+ Qxe7 15. Qd2 Bd7 16. Rfe1 Rac8 17. Nc1 f5 (17... h6 $11 {
keeps the balance.}) 18. exf5 $16 Qf6 19. b3 d5 20. cxd5 Bxf5 21. Bxf5 Qxf5 22.
Nd3 Bb8 23. Rac1 Qxd5 24. Rxc8 Rxc8 25. Qe2 {aiming for Qg4.} h6 (25... h5 $14)
26. Qg4 $1 $18 Qd8 27. Re4 Qf8 28. g3 Rd8 29. Rxd4 Rxd4 30. Qxd4 Qe7 31. Qd5+
Kh8 32. Nc5 Ba7 33. Ne4 ({Inferior is} 33. Nxb7 Qe1+ 34. Kg2 Qxf2+ 35. Kh3 Qf1+
36. Qg2 Qd3 $11) 33... Bb8 34. Kg2 b6 35. h4 a5 36. Qc6 Bc7 37. Nc3 Qe5 38.
Qa8+ Kh7 39. Qf3 Bd6 40. Qe4+ Qxe4+ 41. Nxe4 $16 {Endgame KB-KN} Bc7 $2 (41...
Bb4 42. Kf3 Kg6) 42. h5 $18 Kg8 43. f4 Kf7 44. f5 Ke7 45. Kf3 Be5 46. g4 (46.
a4 $142 $1 Kd7 47. Nf2) 46... Bb2 (46... b5 {was necessary.} 47. a4 bxa4 48.
bxa4 Kd7 49. Nc5+ Ke8) 47. Kf4 Bf6 (47... b5 {keeps fighting.} 48. a4 bxa4 49.
bxa4 Bc1+ 50. Ke5 Bb2+ 51. Kd5 Kf7) 48. g5 ({Less strong is} 48. Nxf6 gxf6 49.
Ke4 Kd6 $16) 48... hxg5+ 49. Nxg5 Bd4 50. Ne6 Bb2 51. Kg5 Kf7 52. Nc7 Be5 53.
Nd5 b5 54. Kg4 (54. h6 $1 $18 gxh6+ 55. Kxh6) 54... a4 $16 55. b4 {Strongly
threatening Kf3.} Kg8 $2 (55... Bb2 $16) 56. Kg5 $1 $18 Kf7 57. h6 $1 gxh6+ 58.
Kxh6 Bd6 59. Kg5 a3 60. Kg4 Kg7 61. Kh5 (61. Kf3 $142 Kh6 62. Ke3) 61... Kf7
62. Kg5 Be5 $2 (62... Bf8 63. f6 Ke6 64. Nf4+ Kf7) 63. Ne3 Bc3 {[#]} 64. Nc2 $1
Bd2+ 65. Kg4 Kf6 {and the idea ...Bc1 leaves Black hopeful.} 66. Nxa3 Bxb4 67.
Nxb5 Ke5 68. a4 Be7 69. a5 Kd5 70. a6 $2 (70. Nc3+ Kc6 71. Ne2) 70... Kc6 71.
Nc3 {And now Na4 would win.} Bf8 {[#]} 72. Na4 $2 (72. a7 $1 $18 Kb7 73. Nb5)
72... Kc7 $1 $11 {The position is equal.} 73. f6 Kb8 74. Nb6 {White threatens
Nd7+ and mate.} Ka7 $1 75. Nd7 Ba3 76. Kf5 Kxa6 77. Ke6 {Hoping for Ne5.} Kb7
$1 78. f7 Kc7 79. Ne5 Bb4 80. Nd3 Bf8 81. Nf4 {Ng6 is the strong threat.} Ba3
82. Nd5+ $1 Kd8 83. Ne3 Bb4 84. Nc4 Kc7 85. Ne3 {Threatening mate with Nd5+.}
Kd8 86. Nf5 {White wants to mate with Nd6.} Bf8 $1 87. Nd6 Kc7 88. Nc4 Bb4 89.
Ne3 1/2-1/2

[Event "Aeroflot Open 2017"]
[Site "Moscow"]
[Date "2017.03.01"]
[Round "9"]
[White "Vidit, Santosh Gujrathi"]
[Black "Bindrich, Falko"]
[Result "1-0"]
[WhiteElo "2673"]
[BlackElo "2590"]
[Annotator "TA"]
[PlyCount "77"]
[EventDate "2017.??.??"]

1. Nf3 d5 2. g3 c6 3. Bg2 Bg4 4. O-O Nd7 5. d3 Ngf6 6. h3 Bh5 7. Qe1 e5 8. e4
dxe4 9. dxe4 Bc5 10. a4 a5 11. Nbd2 O-O 12. Nc4 Qc7 13. Bd2 b6 14. Nh4 Rfe8 15.
Kh1 Bg6 16. Rd1 {LiveBook: 3 Games} Nf8 17. Bg5 N6d7 18. Nf5 {The position is
equal.} Ne6 19. Ncd6 Bxd6 20. Nxd6 Reb8 21. Be7 Ndc5 22. Nf5 {White wants to
play Bd6.} Nb7 $1 23. Qc3 Nec5 24. Bg5 Re8 (24... Nxa4 $15 25. Qxc6 Qxc6 26.
Ne7+ Kh8 27. Nxc6 Re8) 25. b3 $11 f6 26. Be3 Rad8 27. f4 Kh8 28. fxe5 fxe5 ({
But not} 28... Qxe5 $2 29. Bd4 Rxd4 30. Qxd4 $16 (30. Rxd4 Nd8 $16)) ({Don't
capture} 28... Rxe5 $2 29. Bf4 $18) 29. Qc4 Bh5 30. Rxd8 Rxd8 31. Bg5 Rb8 $2 {
[#]} (31... Rf8 $16) 32. Nxg7 $1 $18 {White is clearly winning.} Nd6 {[#]} (
32... Qxg7 33. Bf6) 33. Ne8 $1 Bf7 (33... Rxe8 $5 34. Bf6+ $8 Qg7 $18) 34. Nxc7
Bxc4 35. bxc4 Rc8 36. Bf6+ Kg8 37. Bxe5 Nxc4 38. Bf4 Nxa4 39. h4 1-0

[Event "Aeroflot Open 2017"]
[Site "Moscow"]
[Date "2017.03.01"]
[Round "9"]
[White "Artemiev, Vladislav"]
[Black "Smirin, Ilia"]
[Result "1-0"]
[WhiteElo "2655"]
[BlackElo "2670"]
[Annotator "TA"]
[PlyCount "151"]
[EventDate "2017.??.??"]

1. d4 Nf6 2. Nf3 d6 3. Nc3 g6 4. e4 Bg7 5. Be3 O-O 6. h3 a6 7. a4 b6 8. e5 Nfd7
9. e6 fxe6 10. h4 Nf6 11. Bd3 {LiveBook: 4 Games} Nc6 {[#]} (11... c5 $11) 12.
h5 $1 $16 gxh5 (12... Nxh5 13. Ng5) 13. Ne4 $1 {White is better.} Nb4 14. Nfg5
$1 {aiming for Nxf6+.} h6 ({Black should play} 14... Ng4) 15. Nxf6+ exf6 16.
Nh7 f5 17. Nxf8 Qxf8 18. Qxh5 (18. Rxh5 $6 Nxd3+ 19. Qxd3 Qf7 $14) 18... Nxd3+
19. cxd3 f4 20. Bd2 e5 21. dxe5 dxe5 22. O-O Bf5 23. Rfe1 Rd8 (23... Qf7 $16 {
was necessary.} 24. Qxf7+ Kxf7) 24. a5 Bxd3 ({Wrong is} 24... Rxd3 $2 {[#]} 25.
Bxf4 $1 Rd5 26. Rac1 $18) 25. Rxe5 (25. Bc3 $18) 25... Bxe5 26. Qxe5 {Hoping
for Bc3.} Qd6 27. Qxf4 Qxf4 28. Bxf4 bxa5 29. Bxh6 $14 {Endgame KRB-KRB} Rb8
30. Ra3 Be2 31. Bf4 Rxb2 32. Bxc7 Bc4 33. Rc3 Bd5 34. Bxa5 Kf7 35. Re3 Rb3 36.
Re1 Rb5 37. Bd8 a5 {[#]} (37... Rb8 $14 38. Ba5 Rg8) 38. Ra1 (38. Re7+ $1 $16
Kg6 39. Ra7) 38... Bc6 (38... Rb8 $1 $14) 39. Rc1 ({Don't play} 39. Bxa5 $6 Rg5
$11) (39. Rxa5 $16 Rxa5 40. Bxa5) 39... Bd5 40. Rc7+ Ke6 41. Re7+ Kf5 42. Bc7 (
{White should try} 42. Ra7 $16) 42... Kf6 43. Rh7 a4 44. Rh6+ Kf7 45. Ra6 Rc5
46. Bf4 Rc4 47. Be5 Re4 48. Bg3 Re1+ 49. Kh2 Ra1 50. Bd6 Bc4 51. Ra5 Ke6 52.
Bf8 Ra2 53. Kg3 Kd7 (53... Bd5 $11 {keeps the balance.}) 54. Kf3 Bf1 55. g3 Kc6
56. Rc5+ Kd7 57. Re5 Rb2 58. Re7+ Kd8 59. Ra7 Bb5 60. Bc5 Rc2 61. Bd4 Kc8 62.
Kf4 Re2 (62... Bd7 $142) 63. Be3 Ra2 (63... Rb2 $16 64. Ke5 Rb4) 64. g4 $18 a3
(64... Bd3 $142 65. Ke5 Bc2) 65. g5 Bd3 66. Bc5 Rc2 $2 (66... Kd8 {might work
better.} 67. Ke3 Bc2) 67. Rxa3 Rc4+ 68. Bd4 Rxd4+ {KRB-KR} (68... Bb1 $142 69.
Ke5 Kd7) 69. Ke3 Rg4 70. Rxd3 ({Not} 70. Kxd3 Rxg5 71. Ke4 Kd7 $16) 70... Rxg5
{KR-KR} 71. Ke4 Rg8 72. f4 Re8+ 73. Kf5 Rf8+ 74. Kg5 Rg8+ 75. Kh6 Rf8 76. Rd4
1-0

[Event "Aeroflot Open 2017"]
[Site "Moscow"]
[Date "2017.03.01"]
[Round "9"]
[White "Iturrizaga Bonelli, Eduardo"]
[Black "Antipov, Mikhail Al"]
[Result "1-0"]
[WhiteElo "2652"]
[BlackElo "2582"]
[Annotator "TA"]
[PlyCount "69"]
[EventDate "2017.??.??"]

1. d4 Nf6 2. c4 e6 3. g3 {??.} Nc6 4. Bg2 Rb8 5. d5 Na5 6. Qc2 Bb4+ 7. Bd2
Bxd2+ 8. Nxd2 ({Reject} 8. Kxd2 b6 9. b4 Nb7 10. dxe6 dxe6+ 11. Ke1 O-O $17)
8... b5 9. cxb5 Rxb5 10. a4 Rb8 {[#]} 11. b4 $1 {Threatens to win with Qc5.}
Nb7 ({But not} 11... Rxb4 12. Qc5 Nb3 13. Qxb4 $16) 12. dxe6 fxe6 13. e4 O-O
14. Ngf3 Ne8 15. O-O $36 {White is on the roll.} Nbd6 16. Rab1 Bb7 17. Nd4 Qf6
18. N4b3 Nf7 19. Na5 ({Better is} 19. Qc5) 19... Ba8 $16 20. Qc5 Qh6 21. Qxa7
Nf6 22. Qd4 Rbd8 23. Rbc1 d5 {[#] White must now prevent ...Ng4.} 24. e5 Nxe5
25. Rxc7 Neg4 26. h3 e5 27. Qb2 e4 {With the idea ...e3.} 28. Qd4 Rde8 $2 (
28... e3 $16) 29. Nc6 Bxc6 30. Rxc6 e3 $2 (30... Ne5 31. Rb6 Ned7) 31. hxg4 $18
{White is clearly winning.} ({Less strong is} 31. Bxd5+ Kh8 32. hxg4 exd2 $16)
31... exd2 32. f4 Re2 33. g5 Qg6 34. Bxd5+ Kh8 35. Bf3 1-0

[Event "Aeroflot Open 2017"]
[Site "Moscow"]
[Date "2017.03.01"]
[Round "9"]
[White "Berkes, Ferenc"]
[Black "Dubov, Daniil"]
[Result "1/2-1/2"]
[WhiteElo "2648"]
[BlackElo "2661"]
[Annotator "TA"]
[PlyCount "70"]
[EventDate "2017.??.??"]

1. d4 g6 2. e4 d6 3. c4 {??.} e5 4. d5 Nd7 5. Nc3 h5 6. h4 Nc5 7. Nf3 Bh6 (7...
a5 $11 {remains equal.}) 8. Bg5 (8. b4 $16 Nd7 9. c5) 8... f6 ({Black should
try} 8... Bxg5 $11 9. hxg5 Bg4) 9. Bxh6 $14 Nxh6 10. Qd2 (10. b4 $14 Nd7 11.
Bd3) 10... a5 $11 11. O-O-O Qe7 12. Kb1 Bd7 13. Ka1 a4 14. g3 Ng4 15. Ne1 f5
16. f3 Nf6 17. Nd3 fxe4 18. Nxc5 dxc5 19. fxe4 a3 20. b3 O-O 21. Qg5 Rf7 22.
Be2 Kg7 23. Rdf1 Raf8 24. Qc1 Bg4 {And now ...Bxe2 would win.} 25. Bd3 Ne8 (
25... Nh7 $11) 26. Rxf7+ $14 Rxf7 27. Rf1 Nd6 28. Kb1 ({Stronger than} 28. Qxa3
Rxf1+ 29. Bxf1 Qf7 $19) 28... Rxf1 29. Qxf1 ({Much weaker is} 29. Bxf1 Qf6 30.
Qe1 Qf3 $17) 29... g5 30. hxg5 Qxg5 {[#] aiming for ...Qd2.} 31. Qf2 b6 32. Kc2
Bd7 33. Nb1 Be8 (33... Qg4 $1 $11) 34. Nxa3 Bg6 35. Qf3 h4 1/2-1/2

[Event "Aeroflot Open 2017"]
[Site "Moscow"]
[Date "2017.03.01"]
[Round "9"]
[White "Gupta, Abhijeet"]
[Black "Sandipan, Chanda"]
[Result "1-0"]
[WhiteElo "2645"]
[BlackElo "2573"]
[Annotator "TA"]
[PlyCount "75"]
[EventDate "2017.??.??"]

1. d4 f5 2. Nc3 Nf6 3. Bg5 d5 4. Bxf6 exf6 5. e3 Be6 6. Bd3 Qd7 7. Nge2 {
LiveBook: 40 Games} h5 8. a3 g6 9. O-O {White is slightly better.} Bh6 10. b3
Nc6 11. Na4 b6 12. c4 Ne7 13. Nac3 O-O 14. Qc2 c6 15. Rac1 dxc4 16. Bxc4 Bxc4
17. bxc4 h4 18. h3 g5 19. d5 c5 20. Rcd1 g4 (20... Rae8 $14) 21. Nf4 (21. d6
$142 Nc6 22. hxg4) 21... Bxf4 $16 22. exf4 gxh3 $1 23. g3 ({Better is} 23. gxh3
$14 Ng6 24. Kh2) 23... Nc8 (23... hxg3 $1 $15 24. fxg3 Rae8) 24. Rfe1 $14 {
White has compensation.} Nd6 25. Re6 Rf7 26. Rde1 (26. gxh4 $16 Re8 27. Qd3)
26... Kh8 (26... b5 $11) 27. Kh2 $16 (27. gxh4 Rg8+ 28. Kh1 Rh7 $15) 27... Rg8
28. Rxd6 ({And not} 28. gxh4 Rh7 29. R1e3 Rxh4 $15) (28. Kxh3 $2 hxg3 29. fxg3
Rh7+ 30. Kg2 {[#]} Rxg3+ $1 31. Kxg3 Qg7+ 32. Kf3 Rh3+ 33. Ke2 Qg4+ 34. Kd2
Qxf4+ 35. Kd1 Qd4+ 36. Qd2 Rd3 $19) 28... Qxd6 29. Qxf5 hxg3+ 30. fxg3 Qf8 {[#]
} 31. Ne4 $1 Qg7 32. Re3 {Black must now prevent Nd6.} ({Don't play} 32. Qxh3+
$6 Qh7 33. Nd6 Qxh3+ 34. Kxh3 Rh7+ 35. Kg2 Rd7 $11) 32... Qh7 $2 {[#]} (32...
Qg6 $16 33. Qe6 f5) 33. Qe6 $1 $18 ({But not} 33. Qxh3 $2 Qxh3+ 34. Kxh3 Re7
$19) 33... Re7 34. Qxf6+ Rgg7 (34... Qg7 $142 35. Qh4+ Qh7 36. Qxh7+ Rxh7) 35.
d6 Rxe4 {[#]} 36. d7 $1 {White mates.} Rxe3 37. d8=Q+ Qg8 38. Qh6+ 1-0

[Event "Aeroflot Open 2017"]
[Site "Moscow"]
[Date "2017.03.01"]
[Round "9"]
[White "Kuzubov, Yuriy"]
[Black "Korobov, Anton"]
[Result "0-1"]
[WhiteElo "2643"]
[BlackElo "2691"]
[Annotator "TA"]
[PlyCount "82"]
[EventDate "2017.??.??"]

1. c4 e6 2. Nf3 d5 3. d4 c6 4. Bg5 Be7 5. Bxe7 Qxe7 6. e3 Nf6 7. Nbd2 O-O 8.
Bd3 Nbd7 {LiveBook: 3 Games} 9. Qc2 dxc4 10. Bxc4 c5 {Black has an edge.} 11.
e4 cxd4 12. e5 (12. Nxd4 b6 13. O-O Bb7 $17) 12... Nd5 13. O-O ({Reject} 13.
Nxd4 Nxe5 14. Bxd5 exd5 $17) 13... Nb4 14. Qe4 Nc5 15. Qg4 ({Much worse is} 15.
Qxd4 Nc2 16. Qf4 Nxa1 17. Rxa1 b6 $17) 15... Nc6 16. a3 ({But not} 16. Nxd4
Nxe5 17. Qg3 Qf6 $17) 16... a5 17. Rfe1 Rd8 18. Ne4 Nxe4 19. Rxe4 a4 20. Bd3
Ra5 21. Rae1 b6 22. h4 h6 23. Qg3 Ba6 24. Bxa6 Rxa6 25. Rg4 Qf8 $1 $36 {
[#] White is under pressure.} 26. Qf4 {[#]} ({Better is} 26. Nxd4 $1 $15 Nxd4
27. Qd3) 26... Kh8 $1 $17 27. Rc1 b5 28. Qe4 Rd5 29. Rd1 Qg8 30. Qf4 Ra8 31.
Rc1 Ne7 (31... Rc8 $19 32. Qd2 d3) 32. Rc7 (32. Nxd4 $17 Ng6 33. Qg3) 32... Nf5
$19 33. Qc1 d3 34. Re4 Rad8 35. Qd2 Rc8 36. Rc3 Qd8 37. h5 Kg8 38. g4 $2 (38.
Rxc8 Qxc8 39. g4) 38... Rxc3 39. bxc3 {[#]} Nh4 $1 40. Nh2 $2 (40. Nxh4 Qxh4
41. Kg2) 40... Qg5 41. f4 {[#]} Qxg4+ $1 0-1

[Event "Aeroflot Open 2017"]
[Site "Moscow"]
[Date "2017.03.01"]
[Round "9"]
[White "Khismatullin, Denis"]
[Black "Kovalev, Vladislav"]
[Result "0-1"]
[WhiteElo "2639"]
[BlackElo "2598"]
[Annotator "TA"]
[PlyCount "80"]
[EventDate "2017.??.??"]

1. c4 Nf6 2. g3 g6 3. Bg2 Bg7 4. Nc3 O-O 5. d4 d6 6. e3 Nc6 7. Nge2 Bd7 8. b3
a6 9. Bb2 Rb8 {LiveBook: 5 Games} 10. Rc1 b5 11. Nd5 bxc4 {White is slightly
better.} 12. Nxf6+ ({Much worse is} 12. Rxc4 Nxd5 13. Bxd5 Nb4 $17) 12... Bxf6
13. Rxc4 Na5 14. Rc2 c5 (14... Bb5 $14) 15. dxc5 $16 {Black must now prevent
Bxf6.} Bxb2 16. Rxb2 Nc4 17. Rc2 Qa5+ 18. Rc3 (18. Kf1 $16) 18... Bg4 $36 {
And now ...Bxe2 would win. Black is more active.} 19. bxc4 {aiming for Qc2.}
Bxe2 $1 20. Qd2 Bg4 21. O-O dxc5 22. Qc1 Rb4 23. a3 Rb6 24. h3 (24. Qa1 $15)
24... Be2 $1 $17 {Hoping for . ..Rfb8.} 25. Re1 Rfb8 $1 26. Be4 {[#]} (26. Qa1
$17) 26... Bf3 $1 $19 27. Bd3 (27. Bxf3 Rb1) 27... Rb3 $1 28. Rxb3 Rxb3 29. Bf1
{[#]} Be4 $1 30. Qa1 Rxa3 31. Qb2 $2 (31. Qc1) 31... Qxe1 32. Qb8+ Kg7 33. Qe5+
Kh6 {( -> ...Ra1)} 34. Qxe7 Ra1 {Black mates.} 35. Qf8+ {[#]} Kg5 $1 36. Qxc5+
Bf5 37. Qe7+ f6 38. f4+ Kh6 39. Qf8+ Kh5 40. g4+ Kh4 0-1